| Поле | Инд. | ПП | Название | Значение |
|---|---|---|---|---|
| Тип записи | a | |||
| Библиографический уровень | b | |||
| 001 | Контрольный номер | RU/IS/BASE/253634855 | ||
| 005 | Дата корректировки | 20200608194419.0 | ||
| 008 | Кодируемые данные | 20080114 | ||
| 040 | b | Код языка каталог. | rus | |
| e | Правила каталог. | PSBO | ||
| 041 | 0_ | a | Код языка текста | rus |
| 084 | a | Индекс другой классификации/Индекс ББК | 60.542.5(2Рос)-425 | |
| 100 | 1_ | a | Автор | Кузьмин В. П. |
| q | Полное имя | Кузьмин Вячеслав Петрович | ||
| 100 | 1_ | a | Автор | Кульсеева Т. Г. |
| q | Полное имя | Кульсеева Татьяна Гавриловна | ||
| 245 | 10 | a | Заглавие | Духовная реабилитация как способ самоорганизации жизнедеятельности незрячего человека |
| b | Продолж. заглавия | (социокультурный анализ) | ||
| 504 | a | Библиография | Библиогр. ссылки | |
| 650 | a | Основная рубрика | социология | |
| a | Основная рубрика | социология групп | ||
| 653 | a | Ключевые слова | духовная жизнь | |
| a | Ключевые слова | духовная реабилитация | ||
| a | Ключевые слова | духовность | ||
| a | Ключевые слова | люди с ограниченными возможностями | ||
| a | Ключевые слова | Россия | ||
| a | Ключевые слова | слепые | ||
| a | Ключевые слова | созидание | ||
| a | Ключевые слова | созидательный потенциал человека | ||
| a | Ключевые слова | социальная адаптация | ||
| a | Ключевые слова | социальная реабилитация | ||
| a | Ключевые слова | творчество | ||
| 773 | 0_ | t | Заглавие источника | Вестник Московского университета. Серия 18, Социология и политология |
| d | Дата издания источника | 2007 | ||
| g | Прочая информация | № 3. - С. 130 - 142 | ||
| w | Контрольный № источника | RU/IS/BASE/250005829 | ||
| 901 | t | Тип документа | b |